Online Catalogue and eLibrary

Sri Lanka arthikaya maathakaleena prawanatha (Record no. 5223)

MARC details
000 -LEADER
fixed length control field 00456nam a2200157Ia 4500
005 - DATE AND TIME OF LATEST TRANSACTION
control field 20250624024840.0
008 - FIXED-LENGTH DATA ELEMENTS--GENERAL INFORMATION
fixed length control field 240331s9999 xx 000 0 und d
020 ## - INTERNATIONAL STANDARD BOOK NUMBER
ISBN 9552000262
082 ## - DDC Classification
Item Number - Author Mark BAN
Class No. 330
100 ## - MAIN ENTRY--PERSONAL NAME
Personal name Bandara,P.M.N.
245 #0 - TITLE STATEMENT
Title Sri Lanka arthikaya maathakaleena prawanatha
260 ## - PUBLICATION, DISTRIBUTION, ETC.
Place of publication, distribution, etc. Colombo
Name of publisher, distributor, etc. S. Godage & Brothers
Date of publication, distribution, etc. 1987
300 ## - PHYSICAL DESCRIPTION
Extent (e.g. Volumes, Pages etc.) 144 p .,
500 ## - GENERAL NOTE
General note A book on Recent Trends in the Sri Lankan Economy- During 1978-86
942 ## - Koha item type (Biblio)
Koha item type Books in Stacks (Lending)
Holdings
Lost status Damaged status Collection code Home library Current library Shelving location Date acquired Full call number Accession Number Item type
    Lending WERC Library WERC Library Social Science Cupboard 03/31/2024 330 BAN 1289 Books in Stacks (Lending)

© WERC Library